[Event "69th RUS-ch Women Higher League 2019"]
[Site "Yaroslavl"]
[Date "2019.06.29"]
[Round "3.15"]
[White "Potapova, Margarita"]
[Black "Loskutova, Viktoriya"]
[Result "1-0"]
[WhiteElo "2256"]
[BlackElo "2019"]
[Annotator "NA"]
[PlyCount "123"]
[EventDate "2019.06.27"]
[EventType "swiss"]
[EventCountry "RUS"]
[SourceTitle "playchess.com"]
[Source "ChessBase"]
[SourceQuality "1"]
[TimeControl "40/5400+30:1800+30"]

1. d4 {[%emt 0:00:00]} Nf6 {[%emt 0:00:00]} 2. c4 {[%emt 0:00:00]} e6 {[%emt 0:00:00]} 3. Nf3 {[%emt 0:00:00]} b6 {[%emt 0:00:00]} 4. a3 {[%emt 0:01:40]} Bb7 {[%emt 0:00:00]} 5. Nc3 {[%emt 0:00:05]} d5 {[%emt 0:00:02]} 6. Bg5 {[%emt 0:02:21]} Be7 {[%emt 0:00:10]} 7. Qa4+ {[%emt 0:06:56]} c6 {[%emt 0:06:11]} 8. cxd5 {[%emt 0:02:15]} Nxd5 {[%emt 0:00:23]} 9. Bxe7 {[%emt 0:03:44]} Qxe7 {[%emt 0:00:18]} 10. Nxd5 {[%emt 0:06:08]} exd5 {[%emt 0:00:07]} 11. e3 {[%emt 0:00:05]} O-O {[%emt 0:01:06]} 12. Bd3 {[%emt 0:02:10]} Nd7 {[%emt 0:03:04]} 13. O-O {[%emt 0:01:52]} c5 {[%emt 0:09:29]} 14. dxc5 {[%emt 0:03:57]} bxc5 {[%emt 0:01:27]} 15. Rac1 {[%emt 0:09:48]} Nf6 {[%emt 0:16:47]} 16. Qa5 {[%emt 0:04:49]} Rfc8 {[%emt 0:03:43]} 17. Bf5 {[%emt 0:01:17]} Rc6 {[%emt 0:10:02]} 18. b4 {[%emt 0:02:49]} g6 {[%emt 0:09:02]} 19. Bb1 {[%emt 0:08:49]} c4 {[%emt 0:17:45]} 20. b5 {[%emt 0:01:35]} Rc5 {[%emt 0:04:36]} 21. Qb4 {[%emt 0:01:15]} Rc7 {[%emt 0:03:01]} 22. Qxe7 {[%emt 0:01:15]} Rxe7 {[%emt 0:00:01]} 23. Nd4 {[%emt 0:01:47]} a6 {[%emt 0:03:54]} 24. a4 {[%emt 0:00:27]} axb5 {[%emt 0:00:39]} 25. axb5 {[%emt 0:00:03]} Nd7 {[%emt 0:00:03]} 26. Bc2 {[%emt 0:01:03]} Nb6 {[%emt 0:00:21]} 27. Ra1 {[%emt 0:03:12]} Ree8 {[%emt 0:00:09]} 28. g4 {[%emt 0:00:43]} Kf8 {[%emt 0:05:58]} 29. Kg2 {[%emt 0:00:15]} Ke7 {[%emt 0:00:44]} 30. Kg3 {[%emt 0:00:33]} Kd6 {[%emt 0:01:03]} 31. Kf4 {[%emt 0:00:57]} f6 {[%emt 0:03:10]} 32. h4 {[%emt 0:00:15]} Nd7 {[%emt 0:00:24]} 33. h5 {[%emt 0:02:33]} Nf8 {[%emt 0:00:04]} 34. hxg6 {[%emt 0:05:08]} hxg6 {[%emt 0:00:38]} 35. Rxa8 {[%emt 0:02:27]} Rxa8 {[%emt 0:00:40]} 36. Rh1 {[%emt 0:00:53]} Ra2 {[%emt 0:01:50]} 37. f3 {[%emt 0:01:10]} Bc8 {[%emt 0:00:50]} 38. Rh8 {[%emt 0:02:18]} g5+ {[%emt 0:00:34]} 39. Kg3 {[%emt 0:00:07]} Ke7 {[%emt 0:00:05]} 40. Nc6+ {[%emt 0:00:00]} Kf7 {[%emt 0:00:00]} 41. Rh2 {[%emt 0:09:57]} Kg7 {[%emt 0:08:58]} 42. Nd4 {[%emt 0:12:05]} Ra8 {[%emt 0:14:49]} 43. Rh1 {[%emt 0:01:32]} Kf7 {[%emt 0:03:47]} 44. Rb1 {[%emt 0:06:40]} Ke7 {[%emt 0:01:52]} 45. Rh1 {[%emt 0:12:03]} Kd6 {[%emt 0:02:42]} 46. Rh6 {[%emt 0:02:19]} Ke7 {[%emt 0:00:04]} 47. Nc6+ {[%emt 0:02:19]} Kf7 {[%emt 0:00:06]} 48. e4 {[%emt 0:05:10]} dxe4 {[%emt 0:00:58]} 49. Bxe4 {[%emt 0:00:11]} Bb7 {[%emt 0:00:20]} 50. Rh1 {[%emt 0:01:08]} Bxc6 {[%emt 0:01:48]} 51. Bxc6 {[%emt 0:00:23]} Rc8 {[%emt 0:00:45]} 52. Rc1 {[%emt 0:00:35]} Ke7 {[%emt 0:00:23]} 53. Rxc4 {[%emt 0:00:11]} Nd7 {[%emt 0:00:51]} 54. Rb4 {[%emt 0:02:27]} Ne5 {[%emt 0:00:11]} 55. Be4 {[%emt 0:00:10]} Kd6 {[%emt 0:00:48]} 56. b6 {[%emt 0:00:37]} Rb8 {[%emt 0:00:25]} 57. b7 {[%emt 0:00:23]} Kc7 {[%emt 0:00:28]} 58. Rb1 {[%emt 0:00:36]} Nd7 {[%emt 0:00:24]} 59. Rc1+ {[%emt 0:00:14]} Kb6 {[%emt 0:00:41]} 60. Rc8 {[%emt 0:01:14]} Ka7 {[%emt 0:00:04]} 61. Rc7 {[%emt 0:00:49]} Rd8 {[%emt 0:00:49]} 62. Rc8 {[%emt 0:00:10]} 1-0

[Event "69th RUS-ch Women Higher League 2019"]
[Site "Yaroslavl"]
[Date "2019.06.29"]
[Round "3.16"]
[White "Komiagina, Maria"]
[Black "Yakushina, Ekaterina"]
[Result "1-0"]
[WhiteElo "2254"]
[BlackElo "1783"]
[Annotator "NA"]
[PlyCount "157"]
[EventDate "2019.06.27"]
[EventType "swiss"]
[EventCountry "RUS"]
[SourceTitle "playchess.com"]
[Source "ChessBase"]
[SourceQuality "1"]
[TimeControl "40/5400+30:1800+30"]

1. e4 {[%emt 0:00:00]} e6 {[%emt 0:03:45]} 2. d4 {[%emt 0:00:00]} d5 {[%emt 0:00:24]} 3. exd5 {[%emt 0:00:02]} exd5 {[%emt 0:01:05]} 4. Nf3 {[%emt 0:00:06]} Nc6 {[%emt 0:00:41]} 5. Bd3 {[%emt 0:00:29]} Bd6 {[%emt 0:00:50]} 6. c3 {[%emt 0:01:11]} Nge7 {[%emt 0:01:01]} 7. Qc2 {[%emt 0:00:24]} Bg4 {[%emt 0:02:09]} 8. Nbd2 {[%emt 0:00:34]} Qd7 {[%emt 0:01:09]} 9. O-O {[%emt 0:00:44]} h6 {[%emt 0:10:52]} 10. Re1 {[%emt 0:00:42]} O-O {[%emt 0:00:52]} 11. Ne5 {[%emt 0:01:59]} Bxe5 {[%emt 0:05:59]} 12. dxe5 {[%emt 0:00:05]} Bf5 {[%emt 0:00:14]} 13. Nf3 {[%emt 0:01:43]} Rfe8 {[%emt 0:12:51]} 14. Nd4 {[%emt 0:03:54]} Bxd3 {[%emt 0:07:11]} 15. Qxd3 {[%emt 0:00:06]} Nxd4 {[%emt 0:04:16]} 16. cxd4 {[%emt 0:01:00]} Nc6 {[%emt 0:01:06]} 17. h3 {[%emt 0:02:58]} Nb4 {[%emt 0:09:53]} 18. Qc3 {[%emt 0:01:05]} a5 {[%emt 0:04:38]} 19. a3 {[%emt 0:00:44]} Nc6 {[%emt 0:00:57]} 20. b3 {[%emt 0:01:56]} Ne7 {[%emt 0:05:49]} 21. Bd2 {[%emt 0:02:30]} Nf5 {[%emt 0:01:07]} 22. Rac1 {[%emt 0:00:24]} Rac8 {[%emt 0:02:13]} 23. Qd3 {[%emt 0:03:22]} b6 {[%emt 0:02:30]} 24. b4 {[%emt 0:00:08]} axb4 {[%emt 0:02:14]} 25. axb4 {[%emt 0:00:56]} Ra8 {[%emt 0:00:23]} 26. Rc2 {[%emt 0:01:16]} Ra7 {[%emt 0:02:46]} 27. Rec1 {[%emt 0:01:23]} Rea8 {[%emt 0:00:58]} 28. Bf4 {[%emt 0:02:29]} Ra1 {[%emt 0:04:56]} 29. Rxa1 {[%emt 0:04:08]} Rxa1+ {[%emt 0:00:03]} 30. Kh2 {[%emt 0:00:07]} Ra4 {[%emt 0:01:54]} 31. Bd2 {[%emt 0:02:53]} Ra7 {[%emt 0:04:11]} 32. f4 {[%emt 0:00:26]} h5 {[%emt 0:00:58]} 33. g4 {[%emt 0:05:40]} hxg4 {[%emt 0:01:07]} 34. hxg4 {[%emt 0:00:05]} Nh6 {[%emt 0:01:12]} 35. f5 {[%emt 0:00:19]} Nxg4+ {[%emt 0:01:03]} 36. Kg3 {[%emt 0:00:11]} Nh6 {[%emt 0:01:12]} 37. Bxh6 {[%emt 0:00:06]} gxh6 {[%emt 0:00:03]} 38. Kf4 {[%emt 0:01:30]} Ra1 {[%emt 0:02:16]} 39. b5 {[%emt 0:09:49]} Rg1 {[%emt 0:00:29]} 40. Qh3 {[%emt 0:00:00]} h5 {[%emt 0:00:00]} 41. Rg2+ {[%emt 0:09:44]} Rxg2 {[%emt 0:04:47]} 42. Qxg2+ {[%emt 0:00:05]} Kf8 {[%emt 0:01:18]} 43. Qe2 {[%emt 0:00:54]} h4 {[%emt 0:07:20]} 44. Qh5 {[%emt 0:05:49]} Qxb5 {[%emt 0:01:49]} 45. Qh8+ {[%emt 0:00:07]} Ke7 {[%emt 0:00:12]} 46. Qxh4+ {[%emt 0:02:42]} Kd7 {[%emt 0:06:41]} 47. Qh5 {[%emt 0:01:23]} Qf1+ {[%emt 0:01:26]} 48. Kg5 {[%emt 0:00:10]} Qg1+ {[%emt 0:00:06]} 49. Kf6 {[%emt 0:00:12]} Qxd4 {[%emt 0:00:11]} 50. Qxf7+ {[%emt 0:00:26]} Kc8 {[%emt 0:00:04]} 51. Qe6+ {[%emt 0:01:08]} Kb7 {[%emt 0:00:54]} 52. Ke7 {[%emt 0:01:38]} Qc5+ {[%emt 0:03:22]} 53. Ke8 {[%emt 0:06:45]} Qb5+ {[%emt 0:01:30]} 54. Kd8 {[%emt 0:00:19]} d4 {[%emt 0:01:35]} 55. Qc8+ {[%emt 0:00:17]} Ka7 {[%emt 0:00:06]} 56. Qxc7+ {[%emt 0:00:09]} Ka6 {[%emt 0:00:52]} 57. Qd6 {[%emt 0:00:48]} Qc5 {[%emt 0:01:56]} 58. f6 {[%emt 0:02:19]} Qxd6+ {[%emt 0:00:47]} 59. exd6 {[%emt 0:00:05]} d3 {[%emt 0:00:03]} 60. f7 {[%emt 0:00:16]} d2 {[%emt 0:00:05]} 61. f8=Q {[%emt 0:00:30]} d1=Q {[%emt 0:00:06]} 62. d7 {[%emt 0:00:44]} Qd5 {[%emt 0:04:17]} 63. Qf6 {[%emt 0:00:41]} Kb7 {[%emt 0:01:29]} 64. Ke7 {[%emt 0:03:40]} Qc5+ {[%emt 0:00:29]} 65. Ke8 {[%emt 0:00:57]} Qh5+ {[%emt 0:00:37]} 66. Kf8 {[%emt 0:01:58]} Qc5+ {[%emt 0:00:39]} 67. Kg7 {[%emt 0:03:03]} Qc7 {[%emt 0:00:07]} 68. Qe7 {[%emt 0:00:15]} Qg3+ {[%emt 0:00:45]} 69. Kf8 {[%emt 0:00:57]} Qf4+ {[%emt 0:00:39]} 70. Ke8 {[%emt 0:00:30]} Qa4 {[%emt 0:00:26]} 71. Qe5 {[%emt 0:00:46]} Ka6 {[%emt 0:01:30]} 72. Qd5 {[%emt 0:09:30]} Ka7 {[%emt 0:00:43]} 73. Kd8 {[%emt 0:00:26]} b5 {[%emt 0:00:51]} 74. Qc6 {[%emt 0:01:50]} Kb8 {[%emt 0:00:57]} 75. Qb6+ {[%emt 0:00:26]} Ka8 {[%emt 0:00:03]} 76. Kc8 {[%emt 0:00:36]} Qc4+ {[%emt 0:01:22]} 77. Kd8 {[%emt 0:09:10]} Qg8+ {[%emt 0:00:12]} 78. Kc7 {[%emt 0:00:18]} Qc4+ {[%emt 0:00:14]} 79. Qc6+ {[%emt 0:00:15]} 1-0

[Event "69th RUS-ch Women Higher League 2019"]
[Site "Yaroslavl"]
[Date "2019.06.29"]
[Round "3.17"]
[White "Dzutseva, Lana"]
[Black "Chernyak, Viktoria"]
[Result "0-1"]
[WhiteElo "1325"]
[BlackElo "2253"]
[Annotator "NA"]
[PlyCount "103"]
[EventDate "2019.06.27"]
[EventType "swiss"]
[EventCountry "RUS"]
[SourceTitle "playchess.com"]
[Source "ChessBase"]
[SourceQuality "1"]
[TimeControl "40/5400+30:1800+30"]

1. d4 {[%emt 0:00:00]} d5 {[%emt 0:00:00]} 2. c4 {[%emt 0:00:00]} c6 {[%emt 0:00:07]} 3. Nf3 {[%emt 0:00:00]} Nf6 {[%emt 0:00:35]} 4. Nc3 {[%emt 0:00:00]} e6 {[%emt 0:01:53]} 5. Bg5 {[%emt 0:00:00]} h6 {[%emt 0:03:37]} 6. Bh4 {[%emt 0:00:07]} Nbd7 {[%emt 0:02:10]} 7. e3 {[%emt 0:01:35]} Be7 {[%emt 0:00:30]} 8. Bd3 {[%emt 0:15:18]} dxc4 {[%emt 0:01:14]} 9. Bxc4 {[%emt 0:00:04]} b5 {[%emt 0:00:14]} 10. Bd3 {[%emt 0:00:21]} Bb7 {[%emt 0:00:35]} 11. O-O {[%emt 0:03:05]} O-O {[%emt 0:08:47]} 12. Rc1 {[%emt 0:13:45]} a6 {[%emt 0:02:51]} 13. Bb1 {[%emt 0:21:29]} Re8 {[%emt 0:20:58]} 14. Qd3 {[%emt 0:14:10]} Nf8 {[%emt 0:01:14]} 15. Ne5 {[%emt 0:09:02]} Rc8 {[%emt 0:02:18]} 16. f4 {[%emt 0:04:19]} c5 {[%emt 0:01:34]} 17. Bxf6 {[%emt 0:08:18]} Bxf6 {[%emt 0:01:48]} 18. Ne4 {[%emt 0:00:22]} c4 {[%emt 0:18:21]} 19. Qe2 {[%emt 0:06:40]} g6 {[%emt 0:06:11]} 20. g4 {[%emt 0:00:42]} Bg7 {[%emt 0:00:27]} 21. Qf2 {[%emt 0:00:41]} Rc7 {[%emt 0:04:20]} 22. Nc5 {[%emt 0:00:23]} Qd6 {[%emt 0:06:37]} 23. Nxb7 {[%emt 0:00:13]} Rxb7 {[%emt 0:00:02]} 24. Be4 {[%emt 0:00:18]} Rc7 {[%emt 0:00:32]} 25. h4 {[%emt 0:00:24]} Qe7 {[%emt 0:05:15]} 26. Rc2 {[%emt 0:00:45]} Rec8 {[%emt 0:00:14]} 27. Rfc1 {[%emt 0:00:24]} a5 {[%emt 0:06:36]} 28. g5 {[%emt 0:00:10]} h5 {[%emt 0:00:45]} 29. Qg2 {[%emt 0:00:15]} Bxe5 {[%emt 0:00:28]} 30. fxe5 {[%emt 0:00:18]} b4 {[%emt 0:00:56]} 31. Qd2 {[%emt 0:00:06]} Nd7 {[%emt 0:00:21]} 32. Bf3 {[%emt 0:00:52]} Nb6 {[%emt 0:00:05]} 33. a3 {[%emt 0:01:49]} c3 {[%emt 0:01:44]} 34. bxc3 {[%emt 0:00:18]} b3 {[%emt 0:00:09]} 35. Rb2 {[%emt 0:00:19]} Nc4 {[%emt 0:00:04]} 36. Qe2 {[%emt 0:00:19]} Nxb2 {[%emt 0:00:05]} 37. Qxb2 {[%emt 0:00:06]} a4 {[%emt 0:00:09]} 38. Be2 {[%emt 0:00:37]} Qd7 {[%emt 0:00:10]} 39. c4 {[%emt 0:00:33]} Qc6 {[%emt 0:00:08]} 40. Bd3 {[%emt 0:00:00]} Qf3 {[%emt 0:00:00]} 41. Qf2 {[%emt 0:13:17]} Qxf2+ {[%emt 0:15:06]} 42. Kxf2 {[%emt 0:00:08]} b2 {[%emt 0:00:33]} 43. Rb1 {[%emt 0:00:08]} Rb8 {[%emt 0:00:04]} 44. c5 {[%emt 0:00:48]} Rb3 {[%emt 0:01:08]} 45. Bc2 {[%emt 0:03:14]} Rxa3 {[%emt 0:00:05]} 46. Rxb2 {[%emt 0:00:06]} Ra7 {[%emt 0:02:01]} 47. Ke2 {[%emt 0:09:52]} Kg7 {[%emt 0:04:14]} 48. Rb1 {[%emt 0:04:48]} Kf8 {[%emt 0:04:50]} 49. Rb8+ {[%emt 0:03:30]} Ke7 {[%emt 0:00:46]} 50. Kd2 {[%emt 0:00:13]} Ra1 {[%emt 0:00:35]} 51. c6 {[%emt 0:00:42]} Rc7 {[%emt 0:00:11]} 52. Be4 0-1

[Event "69th RUS-ch Women Higher League 2019"]
[Site "Yaroslavl"]
[Date "2019.06.29"]
[Round "3.18"]
[White "Lysenko, Margarita"]
[Black "Bivol, Alina"]
[Result "0-1"]
[WhiteElo "2224"]
[BlackElo "2391"]
[Annotator "NA"]
[PlyCount "102"]
[EventDate "2019.06.27"]
[EventType "swiss"]
[EventCountry "RUS"]
[SourceTitle "playchess.com"]
[Source "ChessBase"]
[SourceQuality "1"]
[TimeControl "40/5400+30:1800+30"]

1. d4 {[%emt 0:00:00]} Nf6 {[%emt 0:00:00]} 2. c4 {[%emt 0:00:18]} g6 {[%emt 0:00:00]} 3. Nf3 {[%emt 0:00:17]} Bg7 {[%emt 0:00:00]} 4. g3 {[%emt 0:00:09]} O-O {[%emt 0:00:17]} 5. Bg2 {[%emt 0:00:06]} d6 {[%emt 0:00:03]} 6. O-O {[%emt 0:00:16]} Nbd7 {[%emt 0:00:02]} 7. Nc3 {[%emt 0:00:32]} e5 {[%emt 0:00:06]} 8. e4 {[%emt 0:00:35]} exd4 {[%emt 0:00:05]} 9. Nxd4 {[%emt 0:00:09]} Re8 {[%emt 0:00:03]} 10. h3 {[%emt 0:10:23]} Nc5 {[%emt 0:00:12]} 11. Re1 {[%emt 0:01:35]} Bd7 {[%emt 0:02:38]} 12. Bf4 {[%emt 0:15:30]} h6 {[%emt 0:04:06]} 13. g4 {[%emt 0:08:32]} h5 {[%emt 0:02:54]} 14. f3 {[%emt 0:20:13]} hxg4 {[%emt 0:00:15]} 15. fxg4 {[%emt 0:03:04]} Nh7 {[%emt 0:02:42]} 16. Qd2 {[%emt 0:13:14]} Ne6 {[%emt 0:14:01]} 17. Nxe6 {[%emt 0:03:12]} Bxe6 {[%emt 0:00:17]} 18. b3 {[%emt 0:09:53]} Be5 {[%emt 0:07:42]} 19. Bxe5 {[%emt 0:05:53]} dxe5 {[%emt 0:00:01]} 20. Rad1 {[%emt 0:03:01]} Qh4 {[%emt 0:01:55]} 21. Nd5 {[%emt 0:01:41]} Rac8 {[%emt 0:01:50]} 22. Qa5 {[%emt 0:01:11]} Bxd5 {[%emt 0:01:08]} 23. cxd5 {[%emt 0:00:34]} Qg3 {[%emt 0:01:10]} 24. Qd2 {[%emt 0:00:41]} Red8 {[%emt 0:03:02]} 25. Re3 {[%emt 0:00:30]} Qh4 {[%emt 0:00:07]} 26. Rd3 {[%emt 0:00:46]} Rd6 {[%emt 0:00:43]} 27. Qe3 {[%emt 0:00:39]} a6 {[%emt 0:02:34]} 28. Rc1 {[%emt 0:00:20]} Qe7 {[%emt 0:04:03]} 29. Rdc3 {[%emt 0:00:19]} c6 {[%emt 0:04:16]} 30. R1c2 {[%emt 0:00:48]} Nf8 {[%emt 0:00:55]} 31. Kh2 {[%emt 0:00:31]} g5 {[%emt 0:05:33]} 32. Bf1 {[%emt 0:00:33]} Ng6 {[%emt 0:01:02]} 33. a4 {[%emt 0:00:31]} Qf6 {[%emt 0:00:40]} 34. Rf2 {[%emt 0:00:21]} Nf4 {[%emt 0:00:04]} 35. Qa7 {[%emt 0:00:32]} Rcd8 {[%emt 0:03:30]} 36. Qxb7 {[%emt 0:00:30]} cxd5 {[%emt 0:00:07]} 37. exd5 {[%emt 0:00:29]} Rxd5 {[%emt 0:01:25]} 38. Rc6 {[%emt 0:00:35]} R5d6 {[%emt 0:00:18]} 39. Rxa6 {[%emt 0:00:20]} Rxa6 {[%emt 0:03:30]} 40. Qxa6 {[%emt 0:00:00]} Qe7 {[%emt 0:00:00]} 41. Bc4 {[%emt 0:25:36]} Kg7 {[%emt 0:01:59]} 42. Qa5 {[%emt 0:04:14]} e4 {[%emt 0:01:38]} 43. h4 {[%emt 0:01:50]} e3 {[%emt 0:00:55]} 44. Rc2 {[%emt 0:00:44]} gxh4 {[%emt 0:07:43]} 45. Be2 {[%emt 0:00:40]} Nxe2 {[%emt 0:12:24]} 46. Rxe2 {[%emt 0:00:15]} Qd6+ {[%emt 0:00:28]} 47. Kh1 {[%emt 0:00:38]} Qc6+ {[%emt 0:02:08]} 48. Kh2 {[%emt 0:00:37]} Rd5 {[%emt 0:00:38]} 49. Qb4 {[%emt 0:00:39]} Rd1 {[%emt 0:00:47]} 50. Re1 {[%emt 0:00:27]} Rd2+ {[%emt 0:00:34]} 51. Kh3 {[%emt 0:00:08]} Qf3+ {[%emt 0:00:08] Re2} 0-1

[Event "69th RUS-ch Women Higher League 2019"]
[Site "Yaroslavl"]
[Date "2019.06.29"]
[Round "3.19"]
[White "Kabanova, Ekaterina"]
[Black "Dimitrova, Aleksandra"]
[Result "0-1"]
[WhiteElo "2099"]
[BlackElo "2273"]
[Annotator "NA"]
[PlyCount "68"]
[EventDate "2019.06.27"]
[EventType "swiss"]
[EventCountry "RUS"]
[SourceTitle "playchess.com"]
[Source "ChessBase"]
[SourceQuality "1"]
[TimeControl "40/5400+30:1800+30"]

1. Nf3 {[%emt 0:00:00]} Nf6 {[%emt 0:00:00]} 2. c4 {[%emt 0:00:00]} e6 {[%emt 0:00:00]} 3. Nc3 {[%emt 0:00:18]} Bb4 {[%emt 0:00:53]} 4. Qc2 {[%emt 0:02:25]} c5 {[%emt 0:00:31]} 5. a3 {[%emt 0:00:20]} Ba5 {[%emt 0:00:05]} 6. e3 {[%emt 0:00:19]} Nc6 {[%emt 0:03:01]} 7. d4 {[%emt 0:00:35]} d6 {[%emt 0:13:56]} 8. Bd3 {[%emt 0:00:44]} O-O {[%emt 0:01:08]} 9. O-O {[%emt 0:01:45]} h6 {[%emt 0:06:26]} 10. Rd1 {[%emt 0:04:05]} Qe7 {[%emt 0:03:16]} 11. h3 {[%emt 0:02:54]} Bxc3 {[%emt 0:04:55]} 12. Qxc3 {[%emt 0:06:13]} e5 {[%emt 0:00:30]} 13. Bf1 {[%emt 0:02:44]} Bf5 {[%emt 0:07:42]} 14. b4 {[%emt 0:01:51]} e4 {[%emt 0:08:16]} 15. Nh2 {[%emt 0:03:20]} Rac8 {[%emt 0:05:47]} 16. Bb2 {[%emt 0:00:40]} b6 {[%emt 0:03:01]} 17. b5 {[%emt 0:05:15]} cxd4 {[%emt 0:02:47]} 18. exd4 {[%emt 0:02:20]} Na5 {[%emt 0:00:05]} 19. Qb4 {[%emt 0:03:27]} e3 {[%emt 0:04:35]} 20. Re1 {[%emt 0:00:34]} exf2+ {[%emt 0:00:38]} 21. Kxf2 {[%emt 0:00:03]} Ne4+ {[%emt 0:00:09]} 22. Kg1 {[%emt 0:00:24]} Qh4 {[%emt 0:00:34]} 23. Rxe4 {[%emt 0:09:27]} Bxe4 {[%emt 0:01:12]} 24. c5 {[%emt 0:01:34]} d5 {[%emt 0:06:21]} 25. c6 {[%emt 0:00:08]} Nxc6 {[%emt 0:02:10]} 26. bxc6 {[%emt 0:00:11]} Rxc6 {[%emt 0:00:02]} 27. Rc1 {[%emt 0:03:04]} Rfc8 {[%emt 0:01:08]} 28. Rxc6 {[%emt 0:00:37]} Rxc6 {[%emt 0:00:03]} 29. Ng4 {[%emt 0:12:20]} Rc2 {[%emt 0:02:20]} 30. Qb3 {[%emt 0:00:20]} Qe1 {[%emt 0:01:59]} 31. Ne3 {[%emt 0:01:50]} Qf2+ {[%emt 0:00:17]} 32. Kh2 {[%emt 0:00:44]} Rxb2 {[%emt 0:00:12]} 33. Qc3 {[%emt 0:00:02]} Rb1 {[%emt 0:01:12]} 34. Ba6 {[%emt 0:04:09]} Qf4+ {[%emt 0:00:18]} 0-1

[Event "69th RUS-ch Women Higher League 2019"]
[Site "Yaroslavl"]
[Date "2019.06.29"]
[Round "3.20"]
[White "Garifullina, Leya"]
[Black "Mokshanova, Elizaveta"]
[Result "1-0"]
[WhiteElo "2246"]
[BlackElo "2020"]
[Annotator "NA"]
[PlyCount "77"]
[EventDate "2019.06.27"]
[EventType "swiss"]
[EventCountry "RUS"]
[SourceTitle "playchess.com"]
[Source "ChessBase"]
[SourceQuality "1"]
[TimeControl "40/5400+30:1800+30"]

1. e4 {[%emt 0:00:00]} c5 {[%emt 0:00:00]} 2. Nf3 {[%emt 0:00:00]} e6 {[%emt 0:00:00]} 3. d4 {[%emt 0:00:00]} cxd4 {[%emt 0:00:00]} 4. Nxd4 {[%emt 0:00:00]} Nc6 {[%emt 0:00:00]} 5. Nc3 {[%emt 0:00:06]} Qc7 {[%emt 0:00:00]} 6. Be3 {[%emt 0:00:07]} Nf6 {[%emt 0:00:51]} 7. a3 {[%emt 0:03:12]} a6 {[%emt 0:00:54]} 8. Be2 {[%emt 0:00:25]} Be7 {[%emt 0:00:43]} 9. Qd2 {[%emt 0:02:54]} b5 {[%emt 0:03:53]} 10. Nxc6 {[%emt 0:06:56]} dxc6 {[%emt 0:01:09]} 11. f4 {[%emt 0:00:53]} Bb7 {[%emt 0:02:14]} 12. e5 {[%emt 0:00:36]} Nd5 {[%emt 0:00:14]} 13. Nxd5 {[%emt 0:00:07]} cxd5 {[%emt 0:00:10]} 14. O-O {[%emt 0:00:36]} O-O {[%emt 0:02:25]} 15. Bd4 {[%emt 0:01:07]} Bc5 {[%emt 0:11:14]} 16. c3 {[%emt 0:02:11]} Rac8 {[%emt 0:05:58]} 17. Bd3 {[%emt 0:01:40]} f5 {[%emt 0:19:37]} 18. exf6 {[%emt 0:03:22]} Rxf6 {[%emt 0:00:05]} 19. Qe3 {[%emt 0:02:03]} Qd6 {[%emt 0:08:54]} 20. Rae1 {[%emt 0:05:39]} Bxd4 {[%emt 0:02:35]} 21. cxd4 {[%emt 0:01:01]} Rcf8 {[%emt 0:00:21]} 22. Qe5 {[%emt 0:04:30]} Qxe5 {[%emt 0:01:59]} 23. fxe5 {[%emt 0:00:07]} Rf4 {[%emt 0:01:36]} 24. g3 {[%emt 0:01:48]} Rf3 {[%emt 0:01:14]} 25. Rd1 {[%emt 0:00:20]} Rxf1+ {[%emt 0:04:20]} 26. Rxf1 {[%emt 0:00:06]} Rxf1+ {[%emt 0:02:49]} 27. Kxf1 {[%emt 0:00:05]} Bc6 {[%emt 0:00:04]} 28. a4 {[%emt 0:00:13]} b4 {[%emt 0:02:01]} 29. a5 {[%emt 0:00:12]} Bb7 {[%emt 0:04:42]} 30. Ke2 {[%emt 0:00:11]} Kf7 {[%emt 0:00:17]} 31. Kd2 {[%emt 0:00:06]} h6 {[%emt 0:00:18]} 32. Kc2 {[%emt 0:00:05]} Ke7 {[%emt 0:00:34]} 33. Kb3 {[%emt 0:00:04]} Kd7 {[%emt 0:00:40]} 34. Kxb4 {[%emt 0:00:05]} Kc7 {[%emt 0:01:35]} 35. Kc5 {[%emt 0:00:22]} Bc8 {[%emt 0:00:47]} 36. b4 {[%emt 0:00:24]} g5 {[%emt 0:00:54]} 37. b5 {[%emt 0:00:17]} h5 {[%emt 0:00:29]} 38. b6+ {[%emt 0:00:14]} Kd7 {[%emt 0:00:25]} 39. h4 {[%emt 0:00:08]} 1-0

[Event "69th RUS-ch Women Higher League 2019"]
[Site "Yaroslavl"]
[Date "2019.06.29"]
[Round "3.21"]
[White "Nosacheva, Mariya"]
[Black "Khokhlova, Daria"]
[Result "1-0"]
[WhiteElo "2150"]
[BlackElo "2234"]
[Annotator "NA"]
[PlyCount "93"]
[EventDate "2019.06.27"]
[EventType "swiss"]
[EventCountry "RUS"]
[SourceTitle "playchess.com"]
[Source "ChessBase"]
[SourceQuality "1"]
[TimeControl "40/5400+30:1800+30"]

1. e4 {[%emt 0:00:00]} c5 {[%emt 0:00:00]} 2. Nf3 {[%emt 0:00:00]} d6 {[%emt 0:00:00]} 3. d4 {[%emt 0:00:00]} cxd4 {[%emt 0:00:00]} 4. Nxd4 {[%emt 0:00:00]} Nf6 {[%emt 0:00:00]} 5. Nc3 {[%emt 0:00:11]} a6 {[%emt 0:00:00]} 6. h3 {[%emt 0:00:16]} e6 {[%emt 0:00:01]} 7. g4 {[%emt 0:00:17]} d5 {[%emt 0:00:03]} 8. exd5 {[%emt 0:00:23]} Nxd5 {[%emt 0:00:03]} 9. Bd2 {[%emt 0:00:19]} Bb4 {[%emt 0:03:38]} 10. Nxd5 {[%emt 0:38:18]} Bxd2+ {[%emt 0:02:39]} 11. Qxd2 {[%emt 0:00:14]} Qxd5 {[%emt 0:00:08]} 12. O-O-O {[%emt 0:01:12]} O-O {[%emt 0:05:23]} 13. Bd3 {[%emt 0:01:32]} Qxa2 {[%emt 0:06:02]} 14. Qb4 {[%emt 0:00:20]} Rd8 {[%emt 0:08:26]} 15. Qb6 {[%emt 0:15:55]} Re8 {[%emt 0:09:14]} 16. Nb3 {[%emt 0:09:56]} Nc6 {[%emt 0:06:50]} 17. f4 {[%emt 0:03:59]} a5 {[%emt 0:11:06]} 18. Nd2 {[%emt 0:07:52]} Bd7 {[%emt 0:06:32]} 19. Nb1 {[%emt 0:00:56]} Qa4 {[%emt 0:03:24]} 20. Qxb7 {[%emt 0:02:14]} Qxf4+ {[%emt 0:00:37]} 21. Rd2 {[%emt 0:00:23]} Ne5 {[%emt 0:01:53]} 22. Qe4 {[%emt 0:01:46]} Qxe4 {[%emt 0:01:41]} 23. Bxe4 {[%emt 0:00:07]} Bc6 {[%emt 0:00:08]} 24. Re1 {[%emt 0:00:30]} Bxe4 {[%emt 0:00:46]} 25. Rxe4 {[%emt 0:00:07]} Nc6 {[%emt 0:01:00]} 26. Rd6 {[%emt 0:01:21]} Nb4 {[%emt 0:01:44]} 27. Na3 {[%emt 0:01:16]} Red8 {[%emt 0:02:47]} 28. Rxd8+ {[%emt 0:01:12]} Rxd8 {[%emt 0:00:02]} 29. c3 {[%emt 0:00:31]} Nd3+ {[%emt 0:03:12]} 30. Kc2 {[%emt 0:00:10]} Nf2 {[%emt 0:03:36]} 31. Re3 {[%emt 0:02:03]} g6 {[%emt 0:02:00]} 32. Nc4 {[%emt 0:00:07]} Rd5 {[%emt 0:02:51]} 33. Nd2 {[%emt 0:00:16]} f5 {[%emt 0:01:35]} 34. Rf3 {[%emt 0:03:31]} Nh1 {[%emt 0:04:19]} 35. c4 {[%emt 0:00:50]} Rc5 {[%emt 0:03:04]} 36. Kc3 {[%emt 0:00:08]} h5 {[%emt 0:01:57]} 37. gxh5 {[%emt 0:01:46]} gxh5 {[%emt 0:01:07]} 38. Kd4 {[%emt 0:00:25]} Rc7 {[%emt 0:01:37]} 39. Ke5 {[%emt 0:00:49]} Kf7 {[%emt 0:00:56]} 40. Kd6 {[%emt 0:00:00]} Rc8 {[%emt 0:00:00]} 41. Kd7 {[%emt 0:01:56]} Rc5 {[%emt 0:06:43]} 42. Ne4 {[%emt 0:06:26]} Re5 {[%emt 0:00:11]} 43. Nd6+ {[%emt 0:00:05]} Kg6 {[%emt 0:00:37]} 44. Nb7 {[%emt 0:00:34]} Re2 {[%emt 0:02:26]} 45. c5 {[%emt 0:02:51]} Rxb2 {[%emt 0:01:12]} 46. c6 {[%emt 0:00:06]} e5 {[%emt 0:00:51]} 47. Nd6 {[%emt 0:01:42]} 1-0